Click Chain #4 - Statistics

General Stats
  • This quiz has been taken 20,764 times
  • The average score is 20 of 30
Answer Stats
Hint Answer % Correct
One of the most famous outlaws was Billy the: Kid
94%
... which occurs every: Year
85%
… whose first name was: Mohammad
84%
… which was released in: 1963
82%
... who is the central figure of: Islam
82%
… which is a baby: Goat
81%
... which has a pilgrimage called the: Hajj
76%
… who is technologically close to making a: Nuclear Bomb
76%
… whose capital is: Phoenix
73%
… who was a: Pope
72%
… which, in boxing, usually refers to: Ali
71%
… which is the year of death of: Kennedy
71%
… the largest of which is the: Ostrich
70%
… which rhymes with: Threnody
70%
… which is a cyclically regenerating: Bird
68%
… which borders: Arizona
67%
… who was part of the group that sang: Puff the Magic Dragon
65%
… who launched a 1980 invasion of: Iran
64%
… which, when long and episodic, is an: Epic
63%
… where Joey would refer to its: Baby
62%
… the oldest of which is: Gilgamesh
60%
… who could be confused with that other big bird who lives alongside the: Kangaroo
60%
… the first of whom was: Peter
60%
… the first of which was tested in: New Mexico
59%
... whose length was standardized by: Gregory XIII
57%
… and the Nelson who had a face as such was an: Outlaw
55%
… which is a type of: Poem
52%
… which was located in modern: Iraq
46%
… which is synonymous with: Elegy
40%
… who was king of: Uruk
39%
No matching quizzes found
Score Distribution
Percent of People with Each Score
Percentile by Number Answered
Your Score History
You have not taken this quiz